Culturas políticas a fin de siglo. Parte 3: Cultura política, género my minorías /
Salvato in:
| Autore principale: | |
|---|---|
| Altri autori: | |
| Natura: | Sconosciuto |
| Pubblicazione: |
México D.F.:
FLACSO. Sede México. Juan Pablos Editor
|
| Soggetti: | |
| Tags: |
Aggiungi Tag
Nessun Tag, puoi essere il primo ad aggiungerne!!
|
MARC
| LEADER | 00000 a2200000 04500 | ||
|---|---|---|---|
| 001 | 19317 | ||
| 003 | |||
| 008 | 991231s d | ||
| 040 | |||
| 090 | |a 145704 | ||
| 100 | |a Winocur, Rosalía | ||
| 245 | |a Culturas políticas a fin de siglo. Parte 3: Cultura política, género my minorías / |c Rosalía Winocur | ||
| 260 | |a México D.F.: |b FLACSO. Sede México. Juan Pablos Editor | ||
| 300 | |a 264 p. | ||
| 650 | |a POLITICA | ||
| 650 | |a PARTICIPACION POLITICA | ||
| 650 | |a GRUPOS DE INTERESES | ||
| 650 | |a GRUPOS MINORITARIOS | ||
| 650 | |a MUJERES | ||
| 700 | |a coord | ||
| 999 | |c 11415 |d 11415 | ||
